000
00371nam a2200145Ia 4500
008
231129s2001||||xx |||||||||||||| ||spa||
020
_a
958-9249-33-2
040
_b
spa
082
_a
Co861.44 R741m
100
_a
Rojas Calderon Luis Miguel
245
0
_a
Malicia poetica
260
_c
2001
264
_a
Papiro
942
_2
ddc
_c
BKS
999
_c
20251
_d
20251